速写杨辉三角 Quickly write Pascal's triangle - Statistics

General Stats
  • This quiz has been taken 88 times
  • The average score is 67 of 91
Answer Stats
- % Correct
1
98%
1
91%
1
89%
2
89%
1
88%
1
88%
1
88%
1
88%
1
88%
1
88%
1
88%
1
88%
1
88%
1
88%
1
88%
1
88%
3
88%
3
88%
4
88%
6
88%
10
86%
10
86%
15
86%
5
86%
6
86%
7
86%
8
86%
9
86%
11
85%
12
85%
21
85%
1
83%
28
83%
36
83%
4
83%
45
83%
55
82%
66
82%
10
80%
20
80%
35
80%
56
77%
1
74%
84
74%
15
72%
35
72%
5
72%
70
72%
1
71%
120
71%
126
71%
165
69%
6
69%
1
68%
21
68%
220
68%
56
68%
1
66%
126
66%
210
66%
7
66%
1
65%
28
65%
8
65%
1
63%
1
63%
1
63%
252
63%
330
63%
84
63%
1
62%
36
62%
120
60%
210
60%
495
60%
10
58%
9
58%
11
57%
330
57%
462
57%
12
55%
165
55%
45
55%
55
54%
66
52%
220
51%
792
51%
462
49%
924
46%
495
45%
792
42%
No matching quizzes found
Score Distribution
Percent of People with Each Score
Percentile by Number Answered
Your Score History
You have not taken this quiz